| Tag |
First Indicator |
Second Indicator |
Subfields |
| LEADER |
00000cam a2200000 a 4500 |
| 001 |
in00000014561 |
| 005 |
20151007052237.0 |
| 008 |
860127s1986 nyua b 00000 eng |
| 010 |
|
|
|a 86002698
|
| 020 |
|
|
|a 0582286557
|
| 020 |
|
|
|a 0582286549 (pbk.)
|
| 035 |
|
|
|a (OCoLC)13124118
|
| 035 |
|
|
|9 AAA6931AM
|
| 040 |
|
|
|a DLC
|c DLC
|d m/c
|d TXA
|d UtOrBLW
|
| 049 |
|
|
|a TXAM
|c [A11047452]
|
| 050 |
0 |
0 |
|a QA12
|b .S65 1986
|
| 082 |
0 |
|
|a 371.9/044
|2 19
|
| 245 |
0 |
0 |
|a Special education and mathematics /
|c Alaine Lane, ed.
|
| 264 |
|
1 |
|a New York :
|b Longman,
|c [1986]
|
| 264 |
|
4 |
|c ©1986
|
| 300 |
|
|
|a vi, 131 pages :
|b illustrations ;
|c 29 cm.
|
| 336 |
|
|
|a text
|b txt
|2 rdacontent
|
| 337 |
|
|
|a unmediated
|b n
|2 rdamedia
|
| 338 |
|
|
|a volume
|b nc
|2 rdacarrier
|
| 490 |
1 |
|
|a Special education series
|
| 504 |
|
|
|a Includes bibliographies.
|
| 650 |
|
0 |
|a Mathematics
|x Study and teaching.
|
| 650 |
|
0 |
|a Children with disabilities
|x Education.
|
| 700 |
1 |
|
|a Lane, Alaine.
|
| 830 |
|
0 |
|a Special education series.
|
| 999 |
|
|
|a MARS
|
| 999 |
f |
f |
|s 5173350f-f6a0-3526-a5a8-07a7a2e53071
|i 27ca1c45-57b0-3619-9c6e-8ac6a9a94836
|t 0
|
| 952 |
f |
f |
|p ric
|a Texas A&M University
|b Rellis Campus
|c Joint Library Facility
|d Remote Storage
|t 0
|e QA12 .S65 1986
|h Library of Congress classification
|i unmediated -- volume
|m A14811047452
|
| 998 |
f |
f |
|a QA12 .S65 1986
|t 0
|l Remote Storage
|